UBT Library

Becoming a teacher in a field-based setting : (Record no. 39298)

000 -LEADER
fixed length control field 00837cam a2200241 a 4500
001 - CONTROL NUMBER
control field 12338891
005 - DATE AND TIME OF LATEST TRANSACTION
control field 20171221092333.0
008 - FIXED-LENGTH DATA ELEMENTS--GENERAL INFORMATION
fixed length control field 010308s2002 caua bf 001 0 eng
010 ## - LIBRARY OF CONGRESS CONTROL NUMBER
LC control number 2001017982
020 ## - INTERNATIONAL STANDARD BOOK NUMBER
International Standard Book Number 0534559182
040 ## - CATALOGING SOURCE
Original cataloging agency DLC
Transcribing agency DLC
Modifying agency DLC
041 ## - LANGUAGE CODE
Language code of text/sound track or separate title eng
043 ## - GEOGRAPHIC AREA CODE
Geographic area code n-us---
080 ## - UNIVERSAL DECIMAL CLASSIFICATION NUMBER
Universal Decimal Classification number 370.71 WIS
082 00 - DEWEY DECIMAL CLASSIFICATION NUMBER
Classification number 370.71 WIS
Edition number 21
100 1# - Rafti
Rafti 46
101 ## - Shkurtesa
Shkurtesa EDU
245 10 - TITLE STATEMENT
Title Becoming a teacher in a field-based setting :
Statement of responsibility, etc Donna L. Wiseman, Donna D. Cooner, Stephanie L. Knight.
504 ## - BIBLIOGRAPHY, ETC. NOTE
Bibliography, etc Includes bibliographical references and index.
906 ## - LOCAL DATA ELEMENT F, LDF (RLIN)
a 7
b cbc
c orignew
d 1
e ocip
f 20
g y-gencatlg
942 ## - ADDED ENTRY ELEMENTS (KOHA)
Source of classification or shelving scheme
Item type Books
Holdings
Withdrawn status Lost status Source of classification or shelving scheme Damaged status Not for loan Collection code Permanent location Current location Shelving location Date acquired Total Checkouts Full call number Barcode Date last seen Price effective from Koha item type
          Koleksioni i përgjithshem UBT - Lipjan UBT - Lipjan Koleksioni Referal 12/21/2017   370.71 WIS 002-2939807 12/21/2017 12/21/2017 Books
UBT Library © 2015-2024. All rights reserved University Education for Business and Technology